LDR 00829naa#a2200217#i#450# 001 EN\\bibl\123398 005 20260706020050.1 011 ## _a1994-4683 100 ## _a20230731b2023####ek#y0engy0150####ca 102 ## _aRU 200 1# _aINFLUENCE OF INTERLIMB FUNCTIONAL ASYMMETRY OF LEG MUSCLES ON THE MOTOR PERFORMANCE OF CYCLIC AND ACYCLIC LOCOMOTIONS IN HIGHLY QUALIFIED BIATHLONISTS _eJournal article 210 1# _aMoscow _cNational State University of Physical Education, Sports and Health named after P.F. Lesgaft _d2023 215 ## _a8 с. 608 ## _aJournal article _2local 675 ## _aБиатлон. 796.92.093.642 _z 700 #1 _aKryuchkov _gAndrey Sergeevich 700 #1 _aRostovtsev _gV L 700 #1 _aMyakinchenko _gP E 700 #1 _aMyakinchenko _gE B 700 #1 _aFendel' _gTat'yana Vladimirovna 856 4# _auchzapiski.lesgaft.spb.ru _u